000 00725nam a22002537a 4500
001 0074
003 DO-SdBNP
005 20171120100741.0
007 0074
008 151117b nq 2006 xxu||||| |||| 00| 0 spa d
020 _a9789992405277
040 _aBPMSU
_bspa
_cBPMSU
082 4 _2
_aN863.44
_bG124c
100 1 0 _4Gadea Mantilla, Fabio,
_d1931-
245 1 0 _aCuentos de Pancho Madrigal /
_cFabio Gadea Mantilla
250 _a2a ed.
260 _aManagua :
_bCentro Nicaragüense de Escritores,
_c2006.
300 _a238 p. :
_bil.,
_c21 cm.
650 _aCUENTOS NICARAGUENSES
650 _aLITERATURA NICARAGUENSE
942 _2ddc
_cBK
945 _aInventariado extranjero / 2017 VM
956 _aBrenda Tavárez
999 _c8744
_d8744